| 000 | 00618nam a2200217Ia 4500 | ||
|---|---|---|---|
| 005 | 20260429112145.0 | ||
| 008 | 260429s9999||||xx |||||||||||||| ||und|| | ||
| 020 | _a9781032480794 | ||
| 041 | _aEnglish | ||
| 082 |
_a306.4 _bLEB |
||
| 100 | _aLebed, Felix | ||
| 245 | 0 |
_aReflections on play, sport, and culture : _bintroduction to the play field theory / _cFelix Lebed |
|
| 250 | _a1st ed. | ||
| 260 |
_aNew York : _bRoutledge, _c2024. |
||
| 300 | _axx, 265 p.; pbk | ||
| 440 | _aRoutledge research in sports, culture and society | ||
| 650 | _a Culture | ||
| 650 | _a Sport | ||
| 650 | _aPlay | ||
| 942 | _cTB | ||
| 999 |
_c52643 _d52643 |
||